Statistics for Cold as You - Taylor Swift (All Lyrics)

Click here to take the quiz!

General Stats

  • This quiz has been taken 40 times
    (21 since last reset)
  • The average score is 208 of 247

Answer Stats

Lyrics% Correct
a
100%
anywhere
100%
as
100%
been
100%
cold
100%
I
100%
I've
100%
never
100%
you
100%
you,
100%
You
100%
And
90%
and
90%
But
90%
'cause
90%
is
90%
it
90%
me
90%
no
90%
Of
90%
of
90%
say
90%
shame,
90%
that
90%
the
90%
to
90%
what
90%
will
90%
all
80%
cried,
80%
cried
80%
damn
80%
day,
80%
day
80%
did
80%
died
80%
died,
80%
do
80%
ending
80%
Every
80%
feel
80%
fight
80%
for
80%
give
80%
here
80%
If
80%
I'm
80%
just
80%
Just
80%
know
80%
mess
80%
need
80%
not
80%
now
80%
oh
80%
Oh,
80%
perfect
80%
rainy
80%
sitting
80%
so
80%
So
80%
something
80%
start
80%
take,
80%
take
80%
there
80%
thing,
80%
thinking
80%
through
80%
use
80%
when
80%
Words
80%
adore
70%
away,
70%
away
70%
best
70%
coming
70%
dreamer
70%
easily
70%
Given
70%
gray
70%
have
70%
honey
70%
made
70%
nerve
70%
nobody
70%
Ooh
70%
paint
70%
shade
70%
them
70%
told
70%
very
70%
walk
70%
want
70%
wanted
70%
way
70%
with
70%
wouldn't
70%
come
60%
Counting
60%
defending
60%
great
60%
little
60%
loving
60%
scars
60%
smile
60%
stood
60%
story
60%
walls
60%
wished
60%
ain't
50%
condescending
50%
fake
50%
put
50%
up
50%

Score Distribution

Percentile by Number Answered

Percent of People with Each Score

Your Score History

You have not taken this quiz since the last reset